[Event "Cappelle op 39th"]
[Site "Cappelle la Grande"]
[Date "2023.02.20"]
[Round "3"]
[White "Sumets, Andrey"]
[Black "Mastalerz, Xavier"]
[Result "1/2-1/2"]
[WhiteElo "2513"]
[BlackElo "2215"]
[PlyCount "56"]
[EventDate "2023.02.18"]
[EventType "swiss"]
[EventRounds "9"]
[EventCountry "FRA"]
[SourceTitle "CBM 213 Extra"]
[Source "ChessBase"]
[SourceDate "2023.05.31"]
[SourceVersion "1"]
[SourceVersionDate "2023.05.31"]
[SourceQuality "1"]

1. d4 e6 2. Nf3 Nf6 3. c4 b6 4. a3 Bb7 5. Bf4 Be7 6. Nc3 Ne4 7. Nxe4 Bxe4 8. e3 0-0 9. Bd3 Bxd3 10. Qxd3 d6 11. 0-0 Nd7 12. e4 a5 13. b3 Qc8 14. h3 Qb7 15. d5 Nc5 16. Qc2 Bf6 17. Rab1 exd5 18. exd5 Rfe8 19. Rfe1 g6 20. Be3 a4 21. b4 Nb3 22. Re2 Qc8 23. Rbe1 Qd7 24. Qd3 Bg7 25. Nh2 h5 26. Nf3 Re7 27. Nd2 Nxd2 28. Rxd2 Rae8 1/2-1/2

[Event "BEL-chT 1920"]
[Site "Belgium"]
[Date "2019.12.01"]
[Round "5.8"]
[White "Perez de Aranda, Leonardo Ivan"]
[Black "Mastalerz, Xavier"]
[Result "0-1"]
[WhiteElo "2119"]
[BlackElo "2234"]
[PlyCount "76"]
[EventDate "2019.09.29"]
[EventType "team-tourn"]
[EventRounds "11"]
[EventCountry "BEL"]
[SourceTitle "CBM 195 Extra"]
[Source "ChessBase"]
[SourceDate "2020.05.31"]
[SourceVersion "1"]
[SourceVersionDate "2020.05.31"]
[SourceQuality "1"]
[WhiteTeam "Europchess"]
[BlackTeam "Fontaine"]
[WhiteTeamCountry "BEL"]
[BlackTeamCountry "BEL"]

1. e4 e6 2. d4 d5 3. Nd2 Nf6 4. e5 Nfd7 5. c3 c5 6. Bd3 Nc6 7. Ngf3 g6 8. 0-0 Qb6 9. a4 Bg7 10. dxc5 Nxc5 11. Bb5 0-0 12. Qe2 Nd7 13. Nb3 Ndxe5 14. Nxe5 Nxe5 15. Be3 Qc7 16. Bc5 Rd8 17. f4 Nc6 18. g4 Na5 19. Nxa5 Qxc5+ 20. Qf2 Bf8 21. Nb3 Qxf2+ 22. Rxf2 Bd7 23. Rd2 Rac8 24. Kg2 Rc7 25. Bxd7 Rdxd7 26. Re1 Rc4 27. Rd4 Bg7 28. Rxc4 dxc4 29. Nc5 Rd2+ 30. Kf3 Rxb2 31. f5 Bxc3 32. fxe6 fxe6 33. Rxe6 Bd4 34. Ne4 c3 35. Nd6 Rf2+ 36. Kg3 c2 37. Re1 Rf6 38. Re8+ Rf8 0-1

[Event "EU-Cup 35th"]
[Site "Ulcinj"]
[Date "2019.11.16"]
[Round "7.30"]
[White "Mastalerz, Xavier"]
[Black "Pedersen, Peter Brondt"]
[Result "1-0"]
[WhiteElo "2224"]
[BlackElo "2142"]
[PlyCount "81"]
[EventDate "2019.11.10"]
[EventType "team-swiss"]
[EventRounds "7"]
[EventCountry "MNE"]
[SourceTitle "EXT 2021"]
[Source "ChessBase"]
[SourceDate "2020.10.23"]
[SourceVersion "1"]
[SourceVersionDate "2020.10.23"]
[SourceQuality "1"]
[WhiteTeam "Fontaine"]
[BlackTeam "Bronshoj"]
[WhiteTeamCountry "BEL"]
[BlackTeamCountry "DEN"]

1. d4 Nf6 2. Nf3 c5 3. c4 cxd4 4. Nxd4 b6 5. Nc3 Bb7 6. f3 d6 7. e4 e6 8. Be3 a6 9. Be2 Nbd7 10. Qd2 Qc7 11. Rc1 Rc8 12. 0-0 Qb8 13. Rfd1 Be7 14. Kh1 0-0 15. Qe1 Bd8 16. Qg3 Kh8 17. Qh3 Ne5 18. b3 Ng6 19. Bd3 Re8 20. f4 Kg8 21. Nde2 Qa8 22. Ng3 Bc7 23. Rf1 b5 24. Bd4 e5 25. fxe5 dxe5 26. Be3 Nf4 27. Bxf4 exf4 28. Nf5 Nxe4 29. Nd5 Bxd5 30. cxd5 Ng5 31. Qg4 f6 32. d6 Bxd6 33. Nxd6 Rxc1 34. Rxc1 Rd8 35. Rc8 Rxc8 36. Qxc8+ Qxc8 37. Nxc8 Nf7 38. Ne7+ Kh8 39. Nd5 Ne5 40. Be4 Ng4 41. Kg1 1-0

[Event "Charleroi op"]
[Site "Charleroi"]
[Date "2017.08.02"]
[Round "6"]
[White "Mastalerz, Xavier"]
[Black "Henris, Luc"]
[Result "1/2-1/2"]
[WhiteElo "2252"]
[BlackElo "2127"]
[PlyCount "43"]
[EventDate "2017.07.29"]
[EventType "swiss"]
[EventRounds "9"]
[EventCountry "BEL"]
[SourceTitle "CBM 179 Extra"]
[Source "ChessBase"]
[SourceDate "2017.08.23"]
[SourceVersion "1"]
[SourceVersionDate "2017.08.23"]
[SourceQuality "1"]

1. Nf3 d6 2. d4 f5 3. g3 Nf6 4. Bg2 e6 5. 0-0 Be7 6. c4 0-0 7. Nc3 Ne4 8. Qc2 Nxc3 9. bxc3 Nc6 10. e4 e5 11. d5 Na5 12. c5 fxe4 13. Qxe4 Bf5 14. Qa4 b6 15. c6 Qe8 16. Be3 Qh5 17. Nd2 Bg5 18. Bxg5 Qxg5 19. Ne4 Qh5 20. Qd1 Qg6 21. Qe2 a6 22. Rfe1 1/2-1/2

[Event "BEL-chT 1617"]
[Site "Belgium"]
[Date "2016.12.04"]
[Round "5.5"]
[White "Mastalerz, Xavier"]
[Black "Van der Stricht, Geert"]
[Result "1-0"]
[WhiteElo "2224"]
[BlackElo "2379"]
[PlyCount "84"]
[EventDate "2016.10.02"]
[EventType "team-tourn"]
[EventRounds "11"]
[EventCountry "BEL"]
[SourceTitle "EXT 2018"]
[Source "ChessBase"]
[SourceDate "2017.10.13"]
[SourceVersion "1"]
[SourceVersionDate "2017.10.13"]
[SourceQuality "1"]
[WhiteTeam "Fontaine"]
[BlackTeam "KGSRL"]
[WhiteTeamCountry "BEL"]
[BlackTeamCountry "BEL"]

1. d4 d5 2. Nf3 Nf6 3. c4 e6 4. g3 c6 5. Bg2 Nbd7 6. 0-0 dxc4 7. Qc2 b5 8. a4 Bb7 9. e4 Be7 10. Nc3 a6 11. Bg5 h6 12. Bf4 b4 13. Ne2 c5 14. e5 Nd5 15. Qxc4 a5 16. dxc5 Ba6 17. Qc2 Bxc5 18. Rfd1 Rc8 19. Qe4 Qb6 20. Ned4 Bb7 21. Qe2 g5 22. Be3 g4 23. Nh4 Nxe5 24. Bf4 Nd7 25. Bxd5 Bxd5 26. Nb5 Bc4 27. Qd2 Bd5 28. Nf5 Rc6 29. Rac1 Kd8 30. Ne3 Bxe3 31. Bxe3 Qb7 32. Rxc6 Qxc6 33. Qd4 Rg8 34. Qa7 Ke7 35. Qxa5 Bh1 36. Qxb4+ Kf6 37. Qf4+ Ke7 38. Rxd7+ Qxd7 39. Bc5+ Kd8 40. Qb8+ Qc8 41. Qb6+ Kd7 42. Qd6+ Ke8 1-0

[Event "EU-Cup 32nd"]
[Site "Novi Sad"]
[Date "2016.11.12"]
[Round "7.4"]
[White "Mastalerz, Xavier"]
[Black "Van Hoolandt, Patrick"]
[Result "1-0"]
[WhiteElo "2231"]
[BlackElo "2156"]
[PlyCount "46"]
[EventDate "2016.11.06"]
[EventType "team-swiss"]
[EventRounds "7"]
[EventCountry "SRB"]
[SourceTitle "CBM 176"]
[Source "ChessBase"]
[SourceDate "2017.01.17"]
[SourceVersion "1"]
[SourceVersionDate "2017.01.17"]
[SourceQuality "1"]
[WhiteTeam "Fontaine"]
[BlackTeam "Monte Carlo"]
[WhiteTeamCountry "BEL"]
[BlackTeamCountry "MNC"]

1. d4 Nf6 2. Nf3 d5 3. g3 Bg4 4. Bg2 c6 5. 0-0 e6 6. c4 Be7 7. Qb3 Qb6 8. Nc3 0-0 9. Bf4 dxc4 10. Qxc4 Nd5 11. Bc1 Qb4 12. Qd3 Nb6 13. Ne5 Bh5 14. a3 Qd6 15. e4 Rd8 16. f4 f6 17. g4 fxe5 18. fxe5 Qxe5 19. gxh5 Bc5 20. Qh3 Bxd4+ 21. Kh1 Qd6 22. h6 N8d7 23. hxg7 Bxg7 1-0

[Event "EU-ch rapid"]
[Site "Warsaw"]
[Date "2013.12.14"]
[Round "3"]
[White "Kanarek, Marcel"]
[Black "Mastalerz, Xavier"]
[Result "1-0"]
[WhiteElo "2473"]
[BlackElo "2131"]
[PlyCount "67"]
[EventDate "2013.12.14"]
[EventType "swiss (rapid)"]
[EventRounds "11"]
[EventCountry "POL"]
[SourceTitle "CBM 157 Extra"]
[Source "ChessBase"]
[SourceDate "2013.12.19"]
[SourceVersion "1"]
[SourceVersionDate "2013.12.19"]
[SourceQuality "1"]

1. e4 e6 2. d4 d5 3. Nc3 Nf6 4. Bg5 Bb4 5. e5 h6 6. Be3 Ne4 7. Qg4 g6 8. a3 Bxc3+ 9. bxc3 c5 10. Bd3 Qa5 11. Ne2 cxd4 12. Bxd4 Nc6 13. 0-0 Bd7 14. Bxe4 dxe4 15. Ng3 Nxd4 16. cxd4 Bc6 17. Nxe4 0-0 18. Nf6+ Kg7 19. c4 Rad8 20. Rfd1 Qc3 21. Rac1 Qxa3 22. h4 Qb2 23. h5 g5 24. d5 Qxe5 25. dxc6 Qxf6 26. cxb7 Rb8 27. Qe4 Qb2 28. Rb1 Qa3 29. Qe5+ Kg8 30. c5 Qa4 31. Qd6 Qa5 32. c6 Rfd8 33. c7 Rxd6 34. cxb8Q+ 1-0

[Event "Gibraltar Masters 10th"]
[Site "Caleta"]
[Date "2012.01.30"]
[Round "7"]
[White "Marano, Salvatore"]
[Black "Mastalerz, Xavier"]
[Result "0-1"]
[WhiteElo "1967"]
[BlackElo "2135"]
[PlyCount "60"]
[EventDate "2012.01.24"]
[EventType "swiss"]
[EventRounds "10"]
[EventCountry "GGB"]
[SourceTitle "CBM 147"]
[Source "ChessBase"]
[SourceDate "2012.03.16"]
[SourceVersion "1"]
[SourceVersionDate "2012.03.16"]
[SourceQuality "1"]

1. e4 e6 2. d3 d5 3. Nd2 Nf6 4. Ngf3 b6 5. c3 Be7 6. Qa4+ c6 7. e5 Nfd7 8. Qg4 g6 9. h4 h6 10. Be2 Qc7 11. Qg3 c5 12. Nf1 Nc6 13. Bf4 Bb7 14. Ne3 Na5 15. Ng4 h5 16. Nf6+ Bxf6 17. exf6 Qd8 18. 0-0 Qxf6 19. b4 Nc6 20. Bg5 Qf5 21. Qc7 Rb8 22. b5 Na5 23. d4 Rc8 24. Qd6 f6 25. Bd3 Nc4 26. Bxc4 dxc4 27. Rae1 Nf8 28. Re5 Rd8 29. Rxe6+ Nxe6 30. Qg3 Bxf3 0-1

[Event "Gibraltar Masters 10th"]
[Site "Caleta"]
[Date "2012.01.26"]
[Round "3"]
[White "Mastalerz, Xavier"]
[Black "Quillan, Gary"]
[Result "1/2-1/2"]
[WhiteElo "2135"]
[BlackElo "2409"]
[PlyCount "60"]
[EventDate "2012.01.24"]
[EventType "swiss"]
[EventRounds "10"]
[EventCountry "GGB"]
[SourceTitle "CBM 147"]
[Source "ChessBase"]
[SourceDate "2012.03.16"]
[SourceVersion "1"]
[SourceVersionDate "2012.03.16"]
[SourceQuality "1"]

1. e4 e6 2. d4 d5 3. Nc3 Bb4 4. e5 Ne7 5. Bd2 c5 6. Nb5 Bxd2+ 7. Qxd2 0-0 8. f4 Nbc6 9. Nf3 cxd4 10. Bd3 f6 11. 0-0-0 Qb6 12. exf6 Rxf6 13. Nbxd4 Bd7 14. Rhe1 Nxd4 15. Nxd4 Nc6 16. Nf3 Qb4 17. g3 Qxd2+ 18. Rxd2 h6 19. Ne5 Nxe5 20. Rxe5 Rc8 21. Rde2 a6 22. Re1 Rc6 23. Bf1 Kf7 24. Bh3 g6 25. Kd2 Rb6 26. b3 Rc6 27. R1e2 Rd6 28. c3 Rc6 29. Kd3 a5 30. Kd4 b6 1/2-1/2

[Event "Wch U20 50th"]
[Site "Chennai"]
[Date "2011.08.05"]
[Round "4"]
[White "Hemant, Sharma"]
[Black "Mastalerz, Xavier"]
[Result "1/2-1/2"]
[WhiteElo "2247"]
[BlackElo "2129"]
[PlyCount "42"]
[EventDate "2011.08.02"]
[EventType "swiss"]
[EventRounds "13"]
[EventCountry "IND"]
[SourceTitle "CBM 143 Extra"]
[Source "ChessBase"]
[SourceDate "2011.08.29"]
[SourceVersion "1"]
[SourceVersionDate "2011.08.29"]
[SourceQuality "1"]

1. e4 e6 2. d4 d5 3. Nc3 Nf6 4. e5 Nfd7 5. f4 c5 6. Nf3 Nc6 7. Be3 Be7 8. Qd2 0-0 9. dxc5 Bxc5 10. 0-0-0 Qa5 11. Bxc5 Nxc5 12. Kb1 Bd7 13. Bd3 Nb4 14. Nd4 Rfc8 15. a3 Ncxd3 16. cxd3 Qb6 17. Nce2 Nc6 18. Qe3 Na5 19. Qd2 Nc6 20. Qe3 Na5 21. Qd2 Nc6 1/2-1/2